Geography Quiz

Random Geography or World Quiz

100 Most Populous Islands Quiz Stats

 Plays Quiz Updated Oct 22, 2018

Score 0/100 Timer 15:00
3 Plays Today
Population Island % Correct
11,075,000Cuba
77.9%
22,200,000Taiwan
76.6%
56,800,000Great Britain
76%
5,900,000Ireland
74.6%
18,600,000Madagascar
72.5%
20,700,000Sri Lanka
71.3%
1,621,000Manhattan Island
70.7%
311,396Iceland
69.1%
2,650,000Jamaica
66.8%
5,017,000Sicily
66.8%
124,000,000Java
64.1%
7,560,000Long Island
62.5%
4,326,000Singapore
59.8%
103,000,000Honshū
59.7%
855,000Cyprus
59.1%
3,059,000North Island
57.7%
1,008,000South Island
57.2%
1,180,591Hong Kong Island
57%
6,400,000New Guinea
54.9%
3,940,000Puerto Rico
53.7%
16,000,000Borneo
53.1%
477,377Staten Island
52.2%
17,400,000 Hispaniola
52.1%
489,600Tasmania
51.7%
45,000,000Sumatra
51.1%
1,659,000Sardinia
49.9%
623,666Crete
49%
5,625,000Hokkaidō
48.4%
281,000Corsica
48.2%
373,955Malta
44.2%
876,151Oʻahu
42.8%
46,228,000Luzon
40%
479,105Newfoundland
39.6%
3,380,000Bali
38.4%
Population Island % Correct
539,100Bahrain
38%
862,397Majorca
37.9%
656,312Vancouver Island
36.5%
619,832Unguja
36.2%
1,245,000Mauritius
32.8%
13,350,000Kyūshū
32.8%
1,800,000Island of Montreal
31.9%
1,030,000Trinidad
31.2%
16,000,000Sulawesi
30.6%
19,793,000Mindanao
27.6%
313,835Phuket
25.9%
2,220,000Timor
25.7%
3,293,000Cebu
25.6%
2,275,000Zealand
25.6%
1,250,000Okinawa Island
25.4%
7,620,000Hainan
24.9%
4,100,000Shikoku
24%
838,397Gran Canaria
23%
899,833Tenerife
21.9%
280,385Abu Dhabi Island
21.4%
673,100Sakhalin
21.5%
560,000Jeju-do
20.2%
793,000Réunion
16.7%
401,000Martinique
16.2%
1,077,000Xiamen Island
15.3%
447,600Jolo
14.8%
1,075,000São Luís Island
14.6%
300,000Ambon Island
13.4%
768,939Masbate
12.5%
300,000Vitória Island
11.8%
1,600,000Flores
11.8%
1,675,000Bhola Island
11.1%
404,641New Britain
11%
2,275,000Zhongshan Dao
10.8%
Population Island % Correct
2,536,000Lombok
10.7%
400,000Sandwip
10.5%
2,113,000Leyte
10.3%
4,102,000Negros
10.1%
430,000Palawan
9.8%
580,000Viti Levu
9.8%
678,000Penang Island
9.7%
447,060Funen
9.6%
425,000Sumba
8.5%
345,000Grande Comore
8.4%
13,175,000Salsette Island
8.2%
3,823,000Panay
7.9%
1,158,000Mindoro
7.5%
1,540,000Sumbawa
7.4%
1,650,000Samar
7.3%
436,900Isla Margarita
6.6%
1,230,000Bohol Island
5.9%
3,525,000Madura Island
5.9%
317,000Flevopolder
5.8%
306,373North Jutlandic Island
5.7%
339,101Île Jésus
5.7%
350,000Pemba
5.1%
626,955Bangka
5.1%
700,000Batam
4.8%
450,000Governador Island
4.7%
639,675Nīas
4.5%
315,000Santa Catarina Island
4.1%
500,000Buton
4.1%
658,461Chongming Island
3.9%
333,845Mactan
3.5%
502,667Zhoushan Island
3.3%
332,146Pingtan Island
2.8%

You're not logged in!

Compare scores with friends on all Sporcle quizzes.
OR
Log In

Sporcle TV

Today on Sporcle TV


Watch our educational content, quiz creation guides, and fun videos on Sporcle TV.

Show Comments

Extras

Top Quizzes Today


Score Distribution

Your Account Isn't Verified!

In order to create a playlist on Sporcle, you need to verify the email address you used during registration. Go to your Sporcle Settings to finish the process.

Report this User

Report this user for behavior that violates our Community Guidelines.

Details: